Εγχειρίδιο Στρατηγικής / The Economist (Record no. 2075)
[ view plain ]
| 000 -LEADER | |
|---|---|
| fixed length control field | 01636cam a22002054a 4500 |
| 005 - ΗΜΕΡΟΜΗΝΙΑ ΚΑΙ ΩΡΑ ΤΕΛΕΥΤΑΙΑΣ ΕΝΗΜΕΡΩΣΗΣ | |
| Πεδίο ελέγχου | 20250605164030.0 |
| 008 - FIXED-LENGTH DATA ELEMENTS--GENERAL INFORMATION | |
| Πεδίο ελέγχου σταθερού μήκους | 250528s ||||||||||||||||||||||||d |
| 035 ## - SYSTEM CONTROL NUMBER | |
| System control number | 16592 |
| 020 ## - ISBN | |
| ISBN | 9608780837 |
| 040 ## - ΠΗΓΗ ΚΑΤΑΛΟΓΟΓΡΑΦΗΣΗΣ | |
| Φορέας πρωτότυπης καταλογογράφησης | MC Athens Campus Library |
| Γλώσσα καταλογογράφησης | Ελληνικά, Μοντέρνα (1453-) |
| Modifying agency | MC Athens Campus Library |
| Κανόνες περιγραφικής καταλογογράφησης | AACR2 |
| 245 1# - ΤΙΤΛΟΣ ΚΑΙ ΔΗΛΩΣΗ ΥΠΕΥΘΥΝΟΤΗΤΑΣ | |
| Τίτλος | Εγχειρίδιο Στρατηγικής / The Economist |
| 260 ## - PUBLICATION, DISTRIBUTION, ETC. | |
| Name of publisher, distributor, etc. | Κέρκυρα, |
| Date of publication, distribution, etc. | 2003 |
| 300 ## - PHYSICAL DESCRIPTION | |
| Extent | 294 |
| 505 0# - FORMATTED CONTENTS NOTE | |
| Formatted contents note | Εισαγωγή, Δοκίμια, Τι Είναι Στρατηγική;, Ζητήματα του 21ου Αιώνα, Τα Μυστικά της Ανάπτυξης, Σύμβουλοι Στρατηγικής, Παγκοσμοιοποίηση, Παραρτήματα, Κορυφαίες Εταιρίες Συμβούλων Επιχειρήσεων, Συγχωνεύσεις και Εξαγορές στην Ε.Ε., Συγχωνεύσεις και Εξαγορές ανά Κλάδο, Προτεινόμενα Κείμενα για Μελέτη, Ευρετήριο Όρων. |
| 520 ## - SUMMARY, ETC. | |
| Summary, etc. | Εισαγωγή, Δοκίμια, Τι Είναι Στρατηγική;, Ζητήματα του 21ου Αιώνα, Τα Μυστικά της Ανάπτυξης, Σύμβουλοι Στρατηγικής, Παγκοσμοιοποίηση, Παραρτήματα, Κορυφαίες Εταιρίες Συμβούλων Επιχειρήσεων, Συγχωνεύσεις και Εξαγορές στην Ε.Ε., Συγχωνεύσεις και Εξαγορές ανά Κλάδο, Προτεινόμενα Κείμενα για Μελέτη, Ευρετήριο Όρων. |
| 700 1# - ΠΡΟΣΘΕΤΗ ΑΝΑΓΡΑΦΗ--ΦΥΣΙΚΟ ΠΡΟΣΩΠΟ | |
| Personal name | Hindle Tim |
| 9 (RLIN) | 2680 |
| 942 ## - ADDED ENTRY ELEMENTS (KOHA) | |
| Koha item type | Books |
| Τύπος τεκμηρίου | Βιβλιοθήκη | Τρέχουσα τοποθεσία | Barcode | Αριθμός εισαγωγής | Ημερομηνία απόκτησης | Ταξιθετικό σύμβολο | Αριθμός αντιτύπου | Κατάσταση απόσυρσης | Κατάσταση χαμένου | Κατάσταση κατεστραμμένου | Μη δανεισμός | Σύνολο δανεισμών | Ημερομηνία τελευταίας εμφάνισης | Η τιμή ισχύει από |
|---|---|---|---|---|---|---|---|---|---|---|---|---|---|---|
| Books | MC Athens Campus Library | MC Athens Campus Library | 9780000020741 | 4297 | 05/06/2025 | 658.4012 HIN | 1 | 05/06/2025 | 05/06/2025 |